Music Quiz

Random Music or Album Quiz

Artists With a #1 Album Before 18 Quiz Stats

 Plays Quiz not verified by Sporcle

Challenge
Share
Tweet
Embed
Score 0/13 Timer 04:00
0 Plays Today
Album/Year Artist % Correct
Breakout (2008)Miley Cyrus
94.5%
Hannah Montana 2: Meet *eponymous* (2007)Miley Cyrus
94.5%
...Baby One More Time (1999)Britney Spears
90.1%
Under the Mistletoe (2011)Justin Bieber
72.5%
My World 2.0 (2010)Justin Bieber
72.5%
Recorded Live: The 12 Year Old Genius (1963)Stevie Wonder
59.3%
You Light Up My Life: Inspirational Songs (1997)LeAnn Rimes
51.6%
Unchained Melody: The Early Years (1996)LeAnn Rimes
51.6%
*eponymous title* (1988)Tiffany
34.1%
Metamorphosis (2003)Hilary Duff
33%
Handwritten (2015)Shawn Mendes
29.7%
Here We Go Again (2009)Demi Lovato
28.6%
*eponymous title* (1958)Ricky Nelson
17.6%

You're not logged in!

Compare scores with friends on all Sporcle quizzes.
OR
Log In

You Might Also Like...

Show Comments

Extras

Top Quizzes Today


Score Distribution

Your Account Isn't Verified!

In order to create a playlist on Sporcle, you need to verify the email address you used during registration. Go to your Sporcle Settings to finish the process.

Report this User

Report this user for behavior that violates our Community Guidelines.

Details: